Viel zu häufig wird geistige Faulheit mit Kompliziertheit entschuldigt. Die Zukunff der Kommunikation gehört vernetzten Konzepten und Teams, die damit umgehen können.

Model sieťovej komunikácie v reklame. Nový prístup k cieľovým skupinám. Zamestnanci ako cieľová skupina ovplyvňujúca úspech firmy. Nástroje marketingovej komunikácie a ich členenie. Časová sieť "didaktickej komunikačnej stratégie". Tematické sieťovanie reklamy. Zemepisné členenie marketingovej komun...

ver descrição completa

Na minha lista:
Detalhes bibliográficos
Autor principal: Merkel, F.
Formato: Capítulo de Livro
Idioma:alemão
Assuntos:
Tags: Adicionar Tag
Sem tags, seja o primeiro a adicionar uma tag!

MARC

LEADER 00000naa a2200000 4500
001 r011257
005 20221208122908.2
041 0 |a ger 
044 |a DE 
245 1 0 |a Viel zu häufig wird geistige Faulheit mit Kompliziertheit entschuldigt. Die Zukunff der Kommunikation gehört vernetzten Konzepten und Teams, die damit umgehen können.  |c F. Merkel 
520 |a Model sieťovej komunikácie v reklame. Nový prístup k cieľovým skupinám. Zamestnanci ako cieľová skupina ovplyvňujúca úspech firmy. Nástroje marketingovej komunikácie a ich členenie. Časová sieť "didaktickej komunikačnej stratégie". Tematické sieťovanie reklamy. Zemepisné členenie marketingovej komunikácie. Interdisciplinarita ako podmienka realizácie komplexného modelu komunikácie. 
610 2 0 |a reklama 
610 2 0 |a komunikácia 
610 2 0 |a modely 
610 2 0 |a zamestnanci 
610 2 0 |a marketing 
610 2 0 |a výsledok hospodársky 
610 2 0 |a firmy 
610 2 0 |a regióny 
100 1 |a Merkel, F.